| 000 | 01040na a2200265 4500 | ||
|---|---|---|---|
| 001 | 15667 | ||
| 003 | MIRAKIL | ||
| 005 | 20181213155111.0 | ||
| 008 | 160920b tu 000 0 | ||
| 035 | _a15667 | ||
| 040 |
_aMilas _btur _cTR-AnCHP |
||
| 082 |
_a323.095365 2013 _bB23 [2014?] |
||
| 090 | _a323.095365 2013 B23 [2014?] | ||
| 245 |
_aBahreyn insan hakları raporu 2013 _cİnsan Hakları ve Mazlumlar İçin Dayanışma Derneği (MAZLUMDER) ; hazırlayanlar Abdurrahman Babacan |
||
| 260 |
_aAnkara _bMazlumder Genel Merkez _c[2014?] |
||
| 300 |
_a44 s. _c26 sm. |
||
| 500 | _abahrain human rights report 2013 | ||
| 650 |
_aİnsan hakları _xRaporlar _y2013 _zBahreyn |
||
| 650 |
_aİnsan hakları ihlali _xRaporlar _xYıllıklar _y2013 _zBahreyn |
||
| 650 |
_aHak ve özgürlükler _xRaporlar _xYıllıklar _y2013 _zBahreyn |
||
| 650 |
_aMedeni haklar _xRaporlar _xYıllıklar _y2013 _zBahreyn |
||
| 700 | _aBabacan, Abdurrahman | ||
| 710 | _aİnsan Hakları ve Mazlumlar İçin Dayanışma Derneği (MAZLUMDER) | ||
| 942 |
_2ddc _cBKS |
||
| 999 |
_c6557 _d6557 |
||